| 000 | 00548nam a22001817a 4500 | ||
|---|---|---|---|
| 003 | OSt | ||
| 005 | 20260427030400.0 | ||
| 008 | 260427b |||||||| |||| 00| 0 eng d | ||
| 020 | _a981-240-586-0 | ||
| 040 |
_aDWCL-Main lib. _cOC |
||
| 082 | _aCirc. 621.3819 D868d 2001 | ||
| 100 | _aDuek, Robert K. | ||
| 245 |
_aDigital design with CPLD applications and VHDL/ _cRobert K. Duek |
||
| 260 |
_aPhilippines : _bThomson Learning, _c c2001 |
||
| 300 |
_axiv 846 pages ; _c24 cm. |
||
| 504 | _aInclude index. | ||
| 942 |
_2ddc _cBK-CIRC _hCirc. _n0 |
||
| 999 |
_c9900 _d9900 |
||